Pays frontaliers de la Hongrie (Mort subite) - Statistiques

Statistiques générales
  • Ce quiz a été pris 84 fois
  • Le résultat moyen est 3 sur 7
Answers on the Grid
Answers color-coded by a green-red scale on the quiz's grid according to % correct below.
Autriche
Slovaquie
Ukraine
Roumanie
Serbie
Croatie
Slovénie
République Tchèque
Allemagne
Bulgarie
Turquie
Bosnie-Herzégovine
Moldavie
Pologne
Biélorussie
Lettonie
Suisse
Italie
Monténégro
Liechtenstein
 
Statistiques - réponses
Réponse % Correct
Autriche
70%
Slovaquie
57%
Roumanie
53%
Serbie
42%
Croatie
38%
Slovénie
32%
Ukraine
30%
Aucun quiz correspondant
Distribution des résultats
% des personnes avec chaque résultat
Percentile par nombre de réponses
Votre historique - résultats
Vous n’avez pas pris ce quiz